|
|
|
|
| LEADER |
00876nam a2200217 a 4500 |
| 001 |
2436683 |
| 008 |
100126s1988 orua b 001 0 eng d |
| 010 |
|
|
|a \\\88012191
|
| 020 |
|
|
|a 0881921238 :
|c $37.95
|
| 040 |
|
|
|a DLC
|c DLC
|d DLC
|d BD-DhAAL
|
| 082 |
0 |
0 |
|a 338.1/349
|2 19
|
| 100 |
1 |
|
|a Kula, Erhun.
|
| 245 |
1 |
4 |
|a The economics of forestry :
|b modern theory and practice /
|c Erhun Kula.
|
| 260 |
|
|
|a Portland, Or. :
|b Timber Press,
|c 1988.
|
| 300 |
|
|
|a xii, 185 p. :
|b ill. ;
|c 22 cm.
|
| 504 |
|
|
|a Includes bibliographical references (p. 175-180) and index.
|
| 541 |
1 |
|
|e 00004189
|
| 650 |
|
0 |
|a Forests and forestry
|x Economic aspects.
|
| 852 |
4 |
|
|a Ayesha Abed Library
|j General shelf
|
| 999 |
|
|
|c 7219
|d 7219
|
| 952 |
|
|
|0 0
|1 0
|2 ddc
|4 0
|6 338_134900000000000_KUL_1988
|7 0
|9 7514
|a BRACUL
|b BRACUL
|c GEN
|d 2010-01-27
|g 0.00
|l 0
|o 338.1349 KUL
|p 3010004189
|r 2010-01-27
|t 1
|w 2010-01-27
|y BK
|z Not price in Register
|